000 00480nam a22001697a 4500
003 BD-ChCU
005 20260407113952.0
008 260407b bg ||||| |||| 00| 0 ben d
040 _cBD-ChCU
082 _a160 THP
100 _aThomas , Stephen N.
_921280
245 _aPractical reasoning in natural language ./
_cStephen N. Thomas.
260 _aEnglewood cliffs :
_bPrentice -Hall .
_cC 1977
300 _avii , 280p.
650 0 _aReasoning .
_921282
942 _2ddc
_cBK
_n0
999 _c112102
_d112102